00821nam a2200217 a 450000100100000000500170001000800410002704000250006808200180009311000550011124500520016626000500021830000440026853400240031265100430033665100420037970000340042104900090045595201220046499900170058600001973520200929170123.0100705s1942 ht abc r 000 0 fre d aDO-SdBNPbfrecBNPHU a972.94bH673h1 aLes Frères de l´Instruction Chrétienne94219610aHistoire D´Haiti /cEdición Henri Deschamps. aPort-au-Prince :bJoseph Archevêque,c1942. a240 p. :bil., mapas., retrs. ;c22 cm. aHistoria de Haití 4aHaitíxHistoriaySIGLO XIV-XX942197 4aHaitíxPolítica Y Gobierno9126671 aDeschamps, Henri,eed.942198 aBNGR 001054708MOaGRbGRcCTd2010-07-05iLF1l0o972.94 H673hp19735-10r2020-06-25w2020-06-25y4ZPréstamo en sala c19249d19249